00806nam a2200241 a 4500001001000000003000500010005001700015008004100032010001100073011001100084020003600095020004200131040000900173082002200182245010500204260007200309300001100381490002900392650004100421650004200462700003100504830002900535000115553CHAP20220329144539.0190605s2018 mx |r| ||||||spa d a112014 a112986 a978-607-12-0514-8 (Número 21) a9786071201485 (Colección Tlaltemoa) cCHAP04a361.61097252bM2703aEl manejo del agua desde la organización social y comunitaria /ccoordinado por Irma Salcedo Baca. aChapingo, Méx. :bUACH. Depatamento de Sociología Rural,c2018. a177 p. aColección Tlatemoav2114aAgua abastecimientozTexcoco, Méx.14aAguaxUtilizaciónzMéxico (Edo.).0 aSalcedo Baca, Irmaecoord. 0aColección Tlatemoav21